000 00775nam a2200205Ia 4500
003 GCL
008 140319s9999 xx 000 0 ara d
040 _aGCL /
_cGCL
082 0 4 _aد
_b050
_bم ح
245 1 0 _aحصاد الفكر ( العدد 175 نوفمبر 2006 )
260 _aالقاهرة :
_bمركز الاعلام العربى ،
_c2006
650 0 4 _aالاسلام والاصلاح السياسى
650 0 4 _aالعلوم عند العرب
650 0 4 _aادارة الازمات
650 0 4 _aالاسلام - مصر
650 0 4 _aالاسلام - حركات الاحياء والاصلاح والتجديد
650 0 4 _aالاستثمارات الاجنبية - قوانين وتشريعات
650 0 4 _aالمرأة كعاملة
942 _2ddc
_cCR
999 _c9027
_d9027